Normal view
MARC view
- Law -- Dictionaries -- Polyglot-- French language -- Dictionaries -- Arabic-- Law -- Dictionaries -- Arabic-- Arabic language -- Dictionaries -- English-- Law English
Entry Topical Term
001 - CONTROL NUMBER
- control field: 11659
003 - CONTROL NUMBER IDENTIFIER
- control field: JO-AjAnu
005 - DATE AND TIME OF LATEST TRANSACTION
- control field: 20230606072153.0
008 - FIXED-LENGTH DATA ELEMENTS
- fixed length control field: 230606|| aca||aabn | a|a d
040 ## - CATALOGING SOURCE
- Original cataloging agency: JO-AjAnu
- Transcribing agency: JO-AjAnu
150 ## - HEADING--TOPICAL TERM
- Topical term or geographic name entry element: Law -- Dictionaries -- Polyglot-- French language -- Dictionaries -- Arabic-- Law -- Dictionaries -- Arabic-- Arabic language -- Dictionaries -- English-- Law English
670 ## - SOURCE DATA FOUND
- Source citation: Work cat.: (JO-AjAnu)6006: Abou Sleiman, Rami,Shami, Vivianne, Farhat, Fadi A, author 11658, Francais - Anglais - Arabe : French - English - Arabic : فرنسي - إنكليزي - عربي Dictionnaire Juridique : Juridic Dictionary= المعجم القانوني